Meranie v tepelnej energetike /

Gespeichert in:
Bibliographische Detailangaben
Hauptverfasser: Rajniak, J (Verfasst von), Zavodnov, Peter (Verfasst von), Kučák, Ľubor, 1945- (Verfasst von)
Format: Buch
Sprache:Slowakisch
Veröffentlicht: Bratislava : Alfa, 1989
Tags: Tag hinzufügen
Keine Tags, Fügen Sie das erste Tag hinzu!

MARC

LEADER 00000nam a22000003a 4500
001 stu28504
005 20150617225740.6
008 950315s1989----xo------------------slo-d
040 |a STU  |b slo 
041 0 |a slo 
044 |a xo 
080 |a 621.311 
080 |a 621.317.39 
100 1 |a Rajniak, J  |4 aut 
245 1 |a Meranie v tepelnej energetike /  |c [aut]Rajniak,J.;Zavodnov,P.;Kučák,Ľ 
260 |a Bratislava :  |b Alfa,  |c 1989 
300 |a 399 s 
700 1 |a Zavodnov, Peter  |4 aut 
700 1 |a Kučák, Ľubor,  |d 1945-  |4 aut  |u J260  |U SjF Ústav tepelnej energetiky  |T SjF Katedra tepelnej energetiky  |X 2419  |U J260  |Y 49  |7 A000002419 
996 |c V*38395/O-16072  |l VV18  |s P  |a 0  |w stu28504_0001